| 000 | 00898nam a22002657a 4500 | ||
|---|---|---|---|
| 999 |
_c4022 _d4022 |
||
| 001 | 20214 | ||
| 003 | BD-DhUAP | ||
| 005 | 20200316152500.0 | ||
| 008 | 190908t20162011enka b 000 0 eng d | ||
| 010 | _a 2011378167 | ||
| 020 | _a9780194423601 | ||
| 040 |
_aBD-DhAAL _bEng _cBD-DhUAP _dBD-DhUAP |
||
| 082 | 0 | 0 |
_a428.0071 LAR _223 |
| 100 | 1 |
_aLarsen-Freeman, Diane. _934150 |
|
| 245 | 1 | 0 |
_aTechniques and principles in language teaching / _cDiane Larsen-Freeman and Marti Anderson. |
| 250 | _a3rd ed. | ||
| 260 |
_aOxford : _bOxford University Press, _cc2011 [Reprinted 2016]. |
||
| 300 |
_axix, 252 pages : _billustrations ; _c25 cm. |
||
| 504 | _aIncludes bibliographical references and index. | ||
| 526 | _aBIED | ||
| 650 | 0 |
_aEnglish language _xStudy and teaching _xForeign speakers _934151 |
|
| 700 | _aAnderson, Marti. | ||
| 942 |
_2ddc _cBK |
||